Once Upon A Time Quiz - Statistics

General Stats
  • This quiz has been taken 549 times
  • The average score is 13 of 18
Answer Stats
Hint Answer % Correct
Evil Queen Regina
100%
Regina's Mother Corra
97%
Son with 2 Mothers Henry
96%
Emma's Mom Snow White
96%
Emma's Dad Prince Charming
92%
Main Character Emma Swan
91%
Elsa's Sister Anna
90%
Rumplestiskins Wife Or Crush Belle
90%
Henry's Dad Neal
90%
A Princess With Ice Powers Elsa
87%
Regina's "Soul Mate" or Crush Robin Hood
78%
Henry's Great Grandpa Peter Pan
71%
Elsa's Aunt Ingrid
66%
Regina's Sister Zelina
64%
A Great Sorcerer Merlin
59%
Who Henry Becomes The Author
36%
Henry's Grandpa Rumplestilskin
28%
Merlin's Apprentice The Sorcerer
2%
No matching quizzes found
Score Distribution
Percent of People with Each Score
Percentile by Number Answered
Your Score History
You have not taken this quiz